000 00778nam a2200241Ia 4500
003 OSt
005 20220918220053.0
006 a|||||r|||| 00| 0
007 ta
008 220917b |||||||| |||| 00| 0 eng d
024 _a144,274
037 _cTextual
040 _aARTS
_cARTS
_beng
041 _2eng
_aeng
082 _aY133(Y176):7.63, K1
100 _aDeridder J C
_9136369
245 0 _aPersonality of the urban African in South Africa
_b A thematic apperception test study.
260 _aLondon
_bRoutledge and Kegan Paul
_c1961
490 _aInternational library of sociology and social reconstruction ed by WJH Sprott.
650 _aSOCIOLOGY
942 _hY133(Y176):7.63, K1
_cTEXL
_2CC
999 _c267188
_d267188